Statistics for Name the city by a famous building

Click here to take the quiz!

General Stats

  • This quiz has been taken 65 times
  • The average score is 9 of 12

Answer Stats

Answer% Correct
London
100%
Sydney
98%
New York
89%
Paris
89%
Cairo
83%
Berlin
79%
Istanbul
75%
Washington DC
70%
St Petersburg
60%
Shanghai
53%
Taipei
42%
Tokyo
32%

Score Distribution

Percentile by Number Answered

Percent of People with Each Score

Your Score History

You have not taken this quiz